Responses for Show #4077 - Tuesday, April 30, 2002

Contestants

[<< previous game]

Ronnie O'Rourke, a homemaker from Marietta, Georgia

Mitchell Morris, a professor of musicology originally from Currituck County, North Carolina

Ben Sternberg, an investment banker from San Francisco, California (whose 3-day cash winnings total $79,600)

[next game >>]

Jeopardy! Round responses

SCIENCE & TECHNOLOGY
POP THE QUESTION
A BEAUTIFUL "IND"
LET'S HAVE A DRINK!
OH, YOU ANIMAL!
ADVICE FROM DR. JOYCE BROTHERS
    $200 19
a cell phone

Mitchell
    $200 26
"Can You Feel The Love Tonight"

Ronnie
    $200 6
blind

Mitchell
    $200 1
sugar

Ronnie
    $200 7
a June bug

Ben
    $200 16
(Ben: What is stealing?)
(Alex: Stealing... or... more specific. There's a term...)
...
(Alex: [*], that's the term, yes!)

shoplifting

BenMitchell
    $400 21
a robot

Ben
    $400 27
(Alex: Yep, that's it. And, because it's a question already, you didn't have to say "What is [*]?")

"Do They Know It's Christmas?"

Ben
    $400 8
a reminder

Ronnie
    $400 2
a Manhattan

Ronnie
    $400 12
(Alex: Yeah, looked a little like him, too.)

a hyena

Ronnie
    $400 17
speaking in public

Ronnie
    $600 22
a sonic boom

Ronnie
    $600 28
"Will You Still Love Me Tomorrow"

Mitchell
    $600 9
the Golden Hind

Ronnie
    $600 3
a stinger

Ronnie
    $600 13
the bluefin

Ben
    $600 18
ecstasy

Ben
    $2,000 24
(Alex: And we have all three of you with good scores and about a minute left in the round.)

helium

Mitchell
    $800 29
[The end-of-round signal sounds.]

"Is She Really Going Out With Him?"

Triple Stumper
    $800 10
the pathfinder

Ronnie
    $800 4
sour

Ben
    $800 14
a polar bear

Mitchell
    $800 20
Mr. Mom

Ben
    $1000 25
centigrade

Mitchell
    $1000 11
a mastermind

Mitchell
    $1000 5
(Mitchell: What is rum?)
...
(Alex: You know your booze. I'm not certain you want to admit that on national television.)

Southern Comfort

MitchellRonnie
    $1000 15
a macaw

Mitchell
    $1000 23
depression

Mitchell

Scores at the first commercial break (after clue 15):

Ben Mitchell Ronnie
$1,600 $2,000 $4,400

Scores at the end of the Jeopardy! Round:

Ben Mitchell Ronnie
$3,600 $7,000 $5,600

Double Jeopardy! Round responses

BATTLEFIELDS
CLASSIC DRAMA SERIES EPISODES
ODDS & ENDS
IT'S A MYSTERY!
PAY THE "BILL"
CZECH, PLEASE!
(Alex: And that is not a misspelling.)
    $400 1
Waterloo

Ben
    $400 16
The West Wing

Mitchell
    $400 21
(Ben: What's 72?)
(Ronnie: What is 54?)
...
(Alex: A complete round: [*] holes per round. 72 holes for the complete tournament.)

18

BenRonnie
Triple Stumper
    $400 11
"The Murders in the Rue Morgue"

Ronnie
    $400 26
"The Three Billy Goats Gruff"

Ronnie
    $400 6
Madeleine Albright

Ben
    $800 2
Texas

Ben
    $800 17
Miami Vice

Ronnie
    $800 22
the Berlin Wall

Ronnie
    $800 12
Homicide

Ben
    $800 27
Billy Carter

Ronnie
    $800 7
Vaclav Havel

Mitchell
    $1200 3
Manassas

Ben
    $1200 18
Baywatch

Ronnie
    $1200 23
Sears

Ronnie
    $1200 13
The Mystery of Edwin Drood

Ben
    $1200 28
Billy Jack

Mitchell
    $1200 8
Milos Forman

Ben
    $2,500 4
Stalingrad

Ben
    $1600 19
The Twilight Zone

Ronnie
    $1600 24
(Ben: What's Ohio?)
...
(Alex: Less than a minute now, Ronnie.)

Nebraska

Ben
Triple Stumper
    $2,500 14
(Ben: [Shakes head] Uh, what is Murder on the Orient Express?)
(Alex: No. Sam Spade... [*]... "The Black Bird".)

The Maltese Falcon

Ben
    $1600 29
[The end-of-round signal sounds.]

"Billie Jean"

Ben
    $1600 9
(Antonin) Dvorak

Ben
    $2000 5
the Zulus

Mitchell
    $2000 20
China Beach

Ronnie
    $2000 25
St. Elmo

Ronnie
    $2000 15
A Study in Scarlet

Mitchell
    $2000 10
(Karel) Capek

Mitchell

Scores at the end of the Double Jeopardy! Round:

Ben Mitchell Ronnie
$10,800 $15,400 $16,400

[wagering suggestions for these scores]

Final Jeopardy! Round responses

INTERNATIONAL FILM DIRECTORS
(Alex: No, Ellis Island on the East Coast, Angel Island on the West Coast, where Asians landed here, [*], director of Crouching Tiger, Hidden Dragon--or something like that.)
BenWho is Pulanski?
$10,800
MitchellWho is Kevin Costner?
$15,000
RonnieWho is R. Benigni?
$14,400
Ang Lee

Final scores:

Ben Mitchell Ronnie
$0 $400 $2,000
3rd place: trip for two to Cardoza Hotel South Beach in Miami 2nd place: 7-night Caribbean cruise by Costa Cruise New champion: $2,000

Game dynamics:

Coryat scores:

Ben Mitchell Ronnie
$12,400 $14,200 $16,400
17 R
(including 1 DD),
4 W
(including 1 DD)
16 R
(including 1 DD),
1 W
21 R,
1 W

Combined Coryat: $43,000

[game clues] [game scores] [suggest correction]

Game tape date: 2002-01-29
The J! Archive is created by fans, for fans. Scraping, republication, monetization, and malicious use prohibited; this site may use cookies and collect identifying information. See terms. The Jeopardy! game show and all elements thereof, including but not limited to copyright and trademark thereto, are the property of Jeopardy Productions, Inc. and are protected under law. This website is not affiliated with, sponsored by, or operated by Jeopardy Productions, Inc. Join the discussion at JBoard.tv.